00000000nam##2200000za#4500
0019.601909
003CaOODSP
00520210624210312
007cr |||||||||||
008150406|1998||||xxc|||||o    f|0| 0 fre|d
040 |aCaOODSP|bfre
043 |an-cn---
0861 |aTU3-5/98-14F-PDF
1102 |aBureau de la sécurité des transports du Canada.
24510|aRisque de collision entre l'Airbus SA320-212 C-GVXF de Canada 3000 et le Rockwell International 690C N48BA de Semitool Inc. Calgary (Alberta), 21 avril 1998 |h[ressource électronique]
260 |aGatineau - Québec : |bBureau de la sécurité des transports du Canada |c[1999].
300 |a8p.|bfigure
4901 |aRapport d'enquête aéronautique |vA98W0079
590 |a12-01-Supp|b2012-01-13
77508|tRisk of collision between Canada 3000 Airbus SA320-212 C-GVXF and Semitool Inc. Rockwell International 690C N48BA, Calgary, Alberta, 21 April 1998 |w(CaOODSP)9.571294
830#0|aRapport d'enquête aéronautique ;|vA98W0079|w(CaOODSP)9.501229
85640|ahttp://publications.gc.ca|qPDF|s105 Ko|uhttps://publications.gc.ca/collections/collection_2011/bst-tsb/TU3-5-98-14-fra.pdf|yA98W0079